Miasta w woj. pomorskim - nagła śmierć - Statystyki

Ogólne statystyki
  • Ten quiz został rozwiązany 91 razy
  • Średni wynik to 13 z 28
Answers on the Grid
Answers color-coded by a green-red scale on the quiz's grid according to % correct below.
Gdańsk
Gdynia
Sopot
Rumia
Reda
Wejherowo
Tczew
Słupsk
Malbork
Kościerzyna
Kartuzy
Chojnice
Kwidzyn
Puck
Hel
Pruszcz Gdański
Bytów
Człuchów
Starogard Gdański
Sztum
Ustka
Krynica Morska
Miastko
Dzierzgoń
Prabuty
Gniew
Czersk
Skórcz
Elbląg
Sławno
Darłowo
Koszalin
Szczecinek
Tuchola
Sępólno Krajeńskie
Grudziądz
Nowe
Tolkmicko
Iława
Złotów
Pasłęk
Mielno
Braniewo
Słupca
 
Statystyki odpowiedzi
Odpowiedź % Poprawnych
Hel
63%
Pruszcz Gdański
62%
Sopot
62%
Ustka
62%
Malbork
60%
Reda
58%
Wejherowo
58%
Gdańsk
56%
Tczew
56%
Gdynia
54%
Starogard Gdański
54%
Kwidzyn
50%
Rumia
50%
Krynica Morska
48%
Słupsk
46%
Sztum
46%
Bytów
44%
Chojnice
44%
Kartuzy
44%
Puck
44%
Kościerzyna
40%
Gniew
37%
Czersk
35%
Człuchów
35%
Miastko
33%
Dzierzgoń
29%
Prabuty
29%
Skórcz
27%
Nie znaleziono quizów pasujących do podanych kryteriów
Rozkład punktacji
Procent ludzi z każdym wynikiem
Percentyl według liczby udzielonych odpowiedzi
Twoja historia wyników
Nie rozwiązałeś tego quizu